000
00276nam a22001097a 4500
082
_a
651.74 BUE'C
100
_a
BURNING
_9
74467
245
_a
COMMUNICATING ON THE JOB A PRACTICAL GUIDE FOR SUPERVISORS
260
_a
LONDON
_b
ADDISEN WESLEY
_c
1974
300
_a
78P
942
_c
BK
999
_c
579992
_d
579992